000 00287nam a2200121Ia 4500
005 20251222141855.0
008 251222s9999||||xx |||||||||||||| ||spa||
082 _a808.81/B79
100 _aButler Yeats, William
245 0 _aCinco Poetas Contemporáneos
264 _bAdobe
942 _cLIB
999 _c7848
_d7848